Sharing knowledge for sustainable aquaculture and fisheries in the South - East Asia

Content: seed production and aquaculture systems; aquatic diseases and health management;animal nutrition and physiology; fisheries economics and management.

Kaydedildi:
Detaylı Bibliyografya
Müşterek Yazar: Proceedings of the international fisheries symposium-IFS 2012
Materyal Türü: Kitap
Dil:Undetermined
Baskı/Yayın Bilgisi: Ho Chi Minh Agriculture Publishing House 2013
Konular:
Etiketler: Etiketle
Etiket eklenmemiş, İlk siz ekleyin!
Thư viện lưu trữ: Trung tâm Học liệu Trường Đại học Cần Thơ
LEADER 00886nam a2200193Ia 4500
001 CTU_230096
008 210402s9999 xx 000 0 und d
082 |a 639.31 
082 |b P963 
110 |a Proceedings of the international fisheries symposium-IFS 2012 
245 0 |a Sharing knowledge for sustainable aquaculture and fisheries in the South - East Asia 
245 0 |c Proceedings of the international fisheries symposium-IFS 2012 
260 |a Ho Chi Minh 
260 |b Agriculture Publishing House 
260 |c 2013 
520 |a Content: seed production and aquaculture systems; aquatic diseases and health management;animal nutrition and physiology; fisheries economics and management. 
650 |a Aquaculture,Nuôi trồng thuỷ sản,Freshwater fishes,Nuôi cá nước ngọt 
910 |a Tuyến 
980 |a Trung tâm Học liệu Trường Đại học Cần Thơ